[Event "Baden-ch U18"]
[Site "Karlsruhe"]
[Date "2007.01.04"]
[Round "6"]
[White "Lukenich, Denis"]
[Black "Ludwig, Timm"]
[Result "1-0"]
[WhiteElo "1269"]
[BlackElo "1366"]
[PlyCount "69"]
[EventDate "2007.01.02"]
[EventType "swiss"]
[EventRounds "7"]
[EventCountry "GER"]
[SourceTitle "EXT 2008"]
[Source "ChessBase"]
[SourceDate "2007.11.25"]
[SourceVersion "1"]
[SourceVersionDate "2007.11.25"]
[SourceQuality "1"]

1. e4 e5 2. d4 exd4 3. Qxd4 Nc6 4. Qe3 d6 5. Bc4 Nf6 6. Nc3 Be7 7. b3 0-0 8. Bb2 Re8 9. f3 Ne5 10. Bd3 c5 11. Nge2 a6 12. a4 Bd7 13. 0-0 Nxd3 14. Qxd3 b5 15. axb5 a5 16. Nd5 Nxd5 17. exd5 Qb6 18. c4 Bf8 19. Ng3 g6 20. Qc3 f6 21. Qxf6 Re7 22. Qh8+ Kf7 23. Qxh7+ Ke8 24. Qxg6+ Kd8 25. Rfe1 Kc8 26. Rxe7 Bxe7 27. Bf6 Qd8 28. Bxe7 Qxe7 29. Nf5 Qe5 30. Nxd6+ Kb8 31. Rb1 Ka7 32. Ne4 Bf5 33. Qf7+ Kb6 34. Re1 Rh8 35. Qf6+ 1-0

[Event "Baden-ch U18"]
[Site "Karlsruhe"]
[Date "2007.01.03"]
[Round "3"]
[White "Baumann, Daniel"]
[Black "Lukenich, Denis"]
[Result "1-0"]
[WhiteElo "1520"]
[BlackElo "1269"]
[PlyCount "59"]
[EventDate "2007.01.02"]
[EventType "swiss"]
[EventRounds "7"]
[EventCountry "GER"]
[SourceTitle "EXT 2008"]
[Source "ChessBase"]
[SourceDate "2007.11.25"]
[SourceVersion "1"]
[SourceVersionDate "2007.11.25"]
[SourceQuality "1"]

1. d4 d5 2. Nf3 Nc6 3. e3 Nf6 4. c4 Bg4 5. Nc3 e6 6. Be2 Bb4 7. Bd2 Bxc3 8. Bxc3 0-0 9. 0-0 Ne4 10. Qb3 Rb8 11. cxd5 exd5 12. h3 Bh5 13. Rfe1 Re8 14. Nd2 Nxd4 15. Bxd4 Nxd2 16. Qb4 Bxe2 17. Rxe2 Nc4 18. Bxa7 Ra8 19. Bd4 b6 20. Qc3 Qg5 21. b3 Na5 22. Qd3 c5 23. Bb2 Re6 24. Kh2 Rae8 25. Bc1 Qe5+ 26. f4 Qxa1 27. Bb2 Qf1 28. f5 Rd6 29. Qb5 Qxf5 30. Qxe8# 1-0

[Event "Baden-ch U18"]
[Site "Karlsruhe"]
[Date "2007.01.03"]
[Round "4"]
[White "Lukenich, Denis"]
[Black "Schreier, Florian"]
[Result "1-0"]
[WhiteElo "1269"]
[BlackElo "1377"]
[PlyCount "49"]
[EventDate "2007.01.02"]
[EventType "swiss"]
[EventRounds "7"]
[EventCountry "GER"]
[SourceTitle "EXT 2008"]
[Source "ChessBase"]
[SourceDate "2007.11.25"]
[SourceVersion "1"]
[SourceVersionDate "2007.11.25"]
[SourceQuality "1"]

1. e4 e5 2. d4 exd4 3. Qxd4 Nc6 4. Qe3 Nf6 5. Nc3 Bb4 6. Bd2 0-0 7. 0-0-0 Re8 8. f3 d6 9. Bc4 Be6 10. Bxe6 Rxe6 11. Qf2 Ne5 12. Nge2 Nfd7 13. Nd4 Re8 14. Qg3 Nc5 15. a3 Ba5 16. b4 Bxb4 17. axb4 Ne6 18. Nxe6 Rxe6 19. Bf4 Nc4 20. Rd4 Na3 21. Kb2 Qf6 22. Rhd1 c5 23. bxc5 Nb5 24. Nxb5 dxc5 25. Bg5 1-0